[Event "Liberec Region-chT 2223"]
[Site "Czech Republic"]
[Date "2023.04.02"]
[Round "11.6"]
[White "Volfl, Zdenek"]
[Black "Carda, Milan"]
[Result "1-0"]
[WhiteElo "2086"]
[BlackElo "1688"]
[PlyCount "93"]
[EventDate "2022.10.09"]
[EventType "team-tourn"]
[EventRounds "11"]
[EventCountry "CZE"]
[SourceTitle "EXT 2024"]
[Source "ChessBase"]
[SourceDate "2023.10.10"]
[SourceVersion "1"]
[SourceVersionDate "2023.10.10"]
[SourceQuality "1"]

1. Nf3 d5 2. d4 Nf6 3. g3 b6 4. Bg2 Bb7 5. 0-0 e6 6. c4 c6 7. Nbd2 Be7 8. Qc2 0-0 9. e4 dxe4 10. Nxe4 Nbd7 11. Rd1 Nxe4 12. Qxe4 Nf6 13. Qc2 h6 14. b3 Rc8 15. Bb2 Bd6 16. Ne5 Qc7 17. Nd3 Ba8 18. Rac1 Qe7 19. c5 Bc7 20. b4 b5 21. a4 a6 22. Ra1 Nd5 23. axb5 axb5 24. Bxd5 exd5 25. Re1 Qg5 26. Re3 Rce8 27. Qe2 Rxe3 28. Qxe3 Qd8 29. Re1 Bb7 30. Qe7 Bc8 31. Qxd8 Rxd8 32. f4 Kf8 33. Ra1 Bf5 34. Ne5 Bxe5 35. fxe5 Bd7 36. Bc1 Ke7 37. h4 Ke6 38. Bf4 h5 39. Kf2 Rf8 40. Bg5 Kf5 41. Kf3 Re8 42. Ra7 Ke6 43. Bd2 Rf8 44. Bg5 Rg8 45. g4 hxg4+ 46. Kxg4 f6 47. Bf4 1-0

[Event "CZE-chT2C 2223"]
[Site "Czech Republic"]
[Date "2022.12.18"]
[Round "5.6"]
[White "Toman, Jan1111"]
[Black "Volfl, Zdenek"]
[Result "1-0"]
[WhiteElo "1943"]
[BlackElo "2109"]
[PlyCount "73"]
[EventDate "2022.10.16"]
[EventType "team-tourn"]
[EventRounds "11"]
[EventCountry "CZE"]
[SourceTitle "EXT 2024"]
[Source "ChessBase"]
[SourceDate "2023.10.10"]
[SourceVersion "1"]
[SourceVersionDate "2023.10.10"]
[SourceQuality "1"]
[WhiteTeam "Jicin"]
[BlackTeam "Ceska Lipa"]
[WhiteTeamCountry "CZE"]
[BlackTeamCountry "CZE"]

1. d4 Nf6 2. c4 e6 3. Nc3 Bb4 4. f3 d5 5. a3 Bxc3+ 6. bxc3 c5 7. cxd5 exd5 8. e3 0-0 9. Bd3 Re8 10. Ne2 b6 11. 0-0 Ba6 12. Bxa6 Nxa6 13. Qd3 Nc7 14. Ng3 cxd4 15. cxd4 Ne6 16. Ra2 Rc8 17. Raf2 Qc7 18. Bb2 Qc4 19. Qf5 Nd7 20. e4 g6 21. Qh3 Qb3 22. Bc1 Ndf8 23. f4 Rc2 24. Rxc2 Qxc2 25. f5 Nxd4 26. Bg5 Ne2+ 27. Nxe2 Qxe2 28. fxg6 hxg6 29. Qh6 Nh7 30. Rxf7 Kxf7 31. Qxh7+ Ke6 32. Qxg6+ Kd7 33. Qf7+ Kd6 34. Qxd5+ Kc7 35. Bf4+ Kc8 36. Qc6+ Kd8 37. Qc7# 1-0

[Event "CZE-chT2C 2223"]
[Site "Czech Republic"]
[Date "2022.11.20"]
[Round "3.6"]
[White "Volfl, Zdenek"]
[Black "Joukl, Zdenek"]
[Result "1-0"]
[WhiteElo "2109"]
[BlackElo "2050"]
[PlyCount "129"]
[EventDate "2022.10.16"]
[EventType "team-tourn"]
[EventRounds "11"]
[EventCountry "CZE"]
[SourceTitle "EXT 2024"]
[Source "ChessBase"]
[SourceDate "2023.10.10"]
[SourceVersion "1"]
[SourceVersionDate "2023.10.10"]
[SourceQuality "1"]
[WhiteTeam "Ceska Lipa"]
[BlackTeam "Mlada Boleslav"]
[WhiteTeamCountry "CZE"]
[BlackTeamCountry "CZE"]

1. Nf3 Nf6 2. c4 c6 3. g3 d5 4. Bg2 Bf5 5. Qb3 Qb6 6. Nc3 e6 7. d3 h6 8. 0-0 Nbd7 9. Qxb6 axb6 10. cxd5 exd5 11. e4 dxe4 12. dxe4 Be6 13. Nd4 Bc4 14. Rd1 Bb4 15. Nf5 0-0 16. Nd6 Ba6 17. Be3 Bc5 18. Nf5 Bxe3 19. Nxe3 Ne5 20. f4 Nc4 21. Nxc4 Bxc4 22. Bf3 Rfd8 23. b3 Be6 24. f5 Bd7 25. Na4 Be8 26. Nxb6 Rxd1+ 27. Rxd1 Rxa2 28. e5 Nh7 29. Rd8 Kf8 30. Nc8 Ra8 31. e6 fxe6 32. fxe6 Nf6 33. e7+ Kf7 34. Nd6+ Kxe7 35. Rxa8 Kxd6 36. Kf2 Kc5 37. Ra7 Kb6 38. Ra1 Kc5 39. Ke3 b5 40. Rc1+ Kb4 41. Bxc6 Bxc6 42. Rxc6 Kxb3 43. Kd2 Kb2 44. Rb6 Ne4+ 45. Kd3 Nc3 46. Rg6 b4 47. Rxg7 b3 48. Rh7 Na4 49. Rxh6 Ka2 50. Rh8 b2 51. Rb8 b1Q+ 52. Rxb1 Kxb1 53. h4 Nc5+ 54. Kd4 Nd7 55. g4 Nf6 56. g5 Nh5 57. Ke5 Kc2 58. g6 Kd3 59. Kf5 Kd4 60. Kg5 Ng7 61. Kf6 Nh5+ 62. Kf7 Ke5 63. g7 Nxg7 64. Kxg7 Kf5 65. h5 1-0

[Event "CZE-chT2B 1314"]
[Site "Czech Republic"]
[Date "2014.02.16"]
[Round "8.4"]
[White "Netusil, Miloslav"]
[Black "Volfl, Zdenek"]
[Result "1/2-1/2"]
[WhiteElo "2284"]
[BlackElo "2166"]
[PlyCount "48"]
[EventDate "2013.11.03"]
[EventType "team-tourn"]
[EventRounds "11"]
[EventCountry "CZE"]
[SourceTitle "EXT 2015"]
[Source "ChessBase"]
[SourceDate "2014.11.20"]
[SourceVersion "1"]
[SourceVersionDate "2014.11.20"]
[SourceQuality "1"]
[WhiteTeam "Vysehrad"]
[BlackTeam "Novoborsky III"]
[WhiteTeamCountry "CZE"]
[BlackTeamCountry "CZE"]

1. d4 Nf6 2. c4 e6 3. Nc3 Bb4 4. e3 0-0 5. Bd3 d5 6. Nf3 c5 7. 0-0 Nc6 8. a3 Bxc3 9. bxc3 dxc4 10. Bxc4 Qc7 11. Bb2 e5 12. Be2 e4 13. Nd2 Bf5 14. Nb3 cxd4 15. cxd4 Rfd8 16. Rc1 Qe7 17. Rc5 Rd5 18. Rxd5 Nxd5 19. Bg4 Bxg4 20. Qxg4 Nf6 21. Qe2 Rc8 22. Rc1 Qd8 23. h3 Ne7 24. Qb5 Rxc1+ 1/2-1/2

[Event "CZE-chT2B 1314"]
[Site "Czech Republic"]
[Date "2014.02.02"]
[Round "7.6"]
[White "Janda, Zdenek"]
[Black "Volfl, Zdenek"]
[Result "1-0"]
[WhiteElo "2123"]
[BlackElo "2166"]
[PlyCount "45"]
[EventDate "2013.11.03"]
[EventType "team-tourn"]
[EventRounds "11"]
[EventCountry "CZE"]
[SourceTitle "EXT 2015"]
[Source "ChessBase"]
[SourceDate "2014.11.20"]
[SourceVersion "1"]
[SourceVersionDate "2014.11.20"]
[SourceQuality "1"]
[WhiteTeam "Decin"]
[BlackTeam "Novoborsky III"]
[WhiteTeamCountry "CZE"]
[BlackTeamCountry "CZE"]

1. c4 Nf6 2. b3 e6 3. Bb2 d5 4. Nf3 Be7 5. g3 0-0 6. Bg2 c5 7. cxd5 Nxd5 8. 0-0 Nc6 9. Na3 b6 10. Nc4 Bb7 11. d4 cxd4 12. Nxd4 Bf6 13. Nxc6 Bxc6 14. Bxf6 Qxf6 15. e4 Nc3 16. Qc2 Qd4 17. Rac1 Nb5 18. a4 Nc7 19. Ne3 Na6 20. Qxc6 Nc5 21. Qb5 Rab8 22. Rfd1 Qb2 23. Rb1 1-0

[Event "CZE-chT1W 1112"]
[Site "Czech Republic"]
[Date "2011.11.27"]
[Round "4.8"]
[White "Volfl, Zdenek"]
[Black "Kuba, Jindrich"]
[Result "0-1"]
[WhiteElo "2202"]
[BlackElo "2211"]
[PlyCount "102"]
[EventDate "2011.10.02"]
[EventType "team-tourn"]
[EventRounds "11"]
[EventCountry "CZE"]
[SourceTitle "EXT 2013"]
[Source "ChessBase"]
[SourceDate "2012.11.22"]
[SourceVersion "1"]
[SourceVersionDate "2012.11.22"]
[SourceQuality "1"]
[WhiteTeam "Novoborsky II"]
[BlackTeam "Postovni sporitelna"]
[WhiteTeamCountry "CZE"]
[BlackTeamCountry "CZE"]

1. Nf3 d5 2. d4 Nf6 3. g3 e6 4. Bg2 Nbd7 5. 0-0 Bd6 6. c4 c6 7. Nbd2 0-0 8. Qc2 Re8 9. e4 dxe4 10. Nxe4 Nxe4 11. Qxe4 Nf6 12. Qc2 c5 13. dxc5 Bxc5 14. Bf4 Qb6 15. Rad1 Ng4 16. Ne5 Nxe5 17. Bxe5 f6 18. Bc3 e5 19. b4 Bf8 20. c5 Qc7 21. Be4 h6 22. Bd5+ Be6 23. Bb2 Qf7 24. Qb3 Bxd5 25. Rxd5 Rad8 26. Rfd1 Be7 27. Kg2 Rxd5 28. Qxd5 Qxd5+ 29. Rxd5 Rd8 30. Rxd8+ Bxd8 31. Kf3 Kf7 32. Ke4 Ke6 33. f4 f5+ 34. Ke3 exf4+ 35. Kxf4 g5+ 36. Ke3 Kd5 37. Kd3 h5 38. Bd4 a6 39. a4 Be7 40. Be3 g4 41. a5 Bf6 42. Bf4 Bd4 43. Kd2 Bg1 44. Ke2 Kc4 45. Kf1 Bd4 46. Ke2 Bf6 47. Kf1 h4 48. gxh4 Bxh4 49. Kg2 Kb5 50. h3 gxh3+ 51. Kxh3 Bf6 0-1

[Event "CZE-chT2B 1011"]
[Site "Czech Republic"]
[Date "2010.11.21"]
[Round "3.3"]
[White "Volfl, Zdenek"]
[Black "Muron, Miroslav"]
[Result "1-0"]
[WhiteElo "2246"]
[BlackElo "2224"]
[PlyCount "79"]
[EventDate "2010.10.17"]
[EventType "team-tourn"]
[EventRounds "11"]
[EventCountry "CZE"]
[SourceTitle "EXT 2012"]
[Source "ChessBase"]
[SourceDate "2011.11.24"]
[SourceVersion "1"]
[SourceVersionDate "2011.11.24"]
[SourceQuality "1"]
[WhiteTeam "Novoborsky III"]
[BlackTeam "Praha Dukla"]
[WhiteTeamCountry "CZE"]
[BlackTeamCountry "CZE"]

1. Nf3 Nf6 2. c4 c5 3. d4 cxd4 4. Nxd4 Nc6 5. Nc3 g6 6. e4 d6 7. Be2 Bg7 8. Be3 h5 9. h3 0-0 10. 0-0 Ne8 11. Rc1 Nc7 12. Qd2 a6 13. Rfd1 Nxd4 14. Bxd4 e5 15. Bb6 Qe7 16. Qxd6 Qxd6 17. Rxd6 Ne6 18. Bf1 f5 19. exf5 gxf5 20. Nd5 Re8 21. Be2 e4 22. Bxh5 Be5 23. Nf6+ Bxf6 24. Bxe8 Be7 25. Rdd1 Nf4 26. Rc2 Be6 27. Bd7 Kf7 28. Bxe6+ Kxe6 29. Be3 Nd3 30. g3 Rh8 31. Kg2 Rg8 32. Kf1 Bf6 33. b3 Be5 34. Ke2 f4 35. gxf4 Nxf4+ 36. Bxf4 Bxf4 37. c5 Rg2 38. Rd4 Kf5 39. c6 bxc6 40. Rxc6 1-0

[Event "CZE-chT2B 0910"]
[Site "Czech Republic"]
[Date "2010.04.18"]
[Round "11.2"]
[White "Volfl, Zdenek"]
[Black "Bargel, Martin"]
[Result "1/2-1/2"]
[WhiteElo "2259"]
[BlackElo "2192"]
[PlyCount "111"]
[EventDate "2009.10.18"]
[EventType "team-tourn"]
[EventRounds "11"]
[EventCountry "CZE"]
[SourceTitle "EXT 2012"]
[Source "ChessBase"]
[SourceDate "2011.11.24"]
[SourceVersion "1"]
[SourceVersionDate "2011.11.24"]
[SourceQuality "1"]
[WhiteTeam "Novoborsky III"]
[BlackTeam "Neratovice"]
[WhiteTeamCountry "CZE"]
[BlackTeamCountry "CZE"]

1. Nf3 Nf6 2. c4 c5 3. Nc3 Nc6 4. d4 cxd4 5. Nxd4 g6 6. e4 d6 7. Be2 Bg7 8. Be3 0-0 9. 0-0 Bd7 10. f3 Rc8 11. Qd2 a6 12. Rac1 Re8 13. Rfd1 Ne5 14. b3 Qc7 15. h3 Qb8 16. Nd5 Bc6 17. Nb6 Rcd8 18. b4 Bd7 19. Nb3 Be6 20. Nd4 Bc8 21. Bf1 e6 22. Nb3 Nh5 23. Qf2 f5 24. exf5 exf5 25. f4 Nf7 26. Nd5 Be6 27. Bb6 Rd7 28. Nd4 Bxd5 29. cxd5 Re4 30. g3 Bh6 31. Bg2 Re8 32. Ne6 Rc8 33. Kh2 Re7 34. Qd2 Ng7 35. Nd4 Ne5 36. Ne6 Nc4 37. Qd4 Nxe6 38. dxe6 Bg7 39. Qf2 Kh8 40. Bd5 Nxb6 41. Qxb6 Rec7 42. Rxc7 Qxc7 43. Qxc7 Rxc7 44. Bb3 Bf8 45. g4 Kg7 46. g5 h6 47. h4 Be7 48. Rd2 h5 49. Kg2 Kf8 50. Rd4 Ke8 51. Rc4 Bd8 52. Rxc7 Bxc7 53. Bd5 b6 54. Bc4 a5 55. bxa5 bxa5 56. Bd5 1/2-1/2

[Event "CZE-chT1W 0910"]
[Site "Czech Republic"]
[Date "2010.04.11"]
[Round "11.8"]
[White "Volfl, Zdenek"]
[Black "Trojacek, Otakar"]
[Result "0-1"]
[WhiteElo "2259"]
[BlackElo "2158"]
[PlyCount "172"]
[EventDate "2009.10.11"]
[EventType "team-tourn"]
[EventRounds "11"]
[EventCountry "CZE"]
[SourceTitle "EXT 2011"]
[Source "ChessBase"]
[SourceDate "2010.11.26"]
[SourceVersion "1"]
[SourceVersionDate "2010.11.26"]
[SourceQuality "1"]
[WhiteTeam "Novoborsky II"]
[BlackTeam "Postovni sporitelna II"]
[WhiteTeamCountry "CZE"]
[BlackTeamCountry "CZE"]

1. Nf3 Nf6 2. c4 g6 3. g3 Bg7 4. Bg2 0-0 5. 0-0 d6 6. d4 Nbd7 7. Nc3 c6 8. e4 Qc7 9. h3 e5 10. Be3 Re8 11. Qc2 Nh5 12. Rad1 Nf8 13. Qc1 f5 14. dxe5 dxe5 15. Bc5 h6 16. Rfe1 Qf7 17. b3 f4 18. g4 Nf6 19. Bd6 N6h7 20. Ba3 Ne6 21. Rd3 h5 22. Nh2 Nf6 23. f3 Nd7 24. Ne2 Ndc5 25. Rd2 a5 26. Bb2 Na6 27. Red1 c5 28. Nc3 Nb4 29. Nd5 Nd4 30. Bxd4 exd4 31. Bf1 Nc6 32. Rg2 Rf8 33. gxh5 gxh5 34. Kh1 Kh8 35. Nb6 Rb8 36. Rg5 Be5 37. Qd2 Rg8 38. Qg2 Be6 39. Nd5 Kh7 40. h4 Rg7 41. Rxg7+ Qxg7 42. Qxg7+ Kxg7 43. Bd3 Kf7 44. Rg1 Rg8 45. Rxg8 Kxg8 46. Nf1 Kf7 47. Kg2 Ne7 48. Nd2 Ng6 49. Bf1 Nxh4+ 50. Kh2 Ng6 51. Bh3 Ne7 52. Bxe6+ Kxe6 53. Kh3 Ng6 54. Kg2 Bd6 55. Kf2 d3 56. Nf1 Ke5 57. Ke1 Ne7 58. Nc3 Nc6 59. Kd2 Nd4 60. Nh2 Be7 61. Kxd3 Bh4 62. Ne2 Bg3 63. Nf1 h4 64. Ng1 h3 65. Nxh3 Nxf3 66. Nxg3 fxg3 67. Ke3 Nd4 68. Nf4 Nc2+ 69. Kf3 Nb4 70. a3 Nc2 71. Kxg3 Kxe4 72. Ne6 b6 73. Nf8 Nxa3 74. Nd7 Nc2 75. Nxb6 Na1 76. Kf2 Kd3 77. Ke1 Kc2 78. Na4 Nxb3 79. Ke2 Nc1+ 80. Ke3 Nd3 81. Nb6 Kc3 82. Ke2 Nb2 83. Nd5+ Kxc4 84. Nb6+ Kc3 85. Nd5+ Kc2 86. Ne3+ Kc1 0-1

[Event "CZE-chT2B 0910"]
[Site "Czech Republic"]
[Date "2010.03.14"]
[Round "9.1"]
[White "Soukup, Jiri"]
[Black "Volfl, Zdenek"]
[Result "0-1"]
[WhiteElo "2311"]
[BlackElo "2259"]
[PlyCount "106"]
[EventDate "2009.10.18"]
[EventType "team-tourn"]
[EventRounds "11"]
[EventCountry "CZE"]
[SourceTitle "EXT 2012"]
[Source "ChessBase"]
[SourceDate "2011.11.24"]
[SourceVersion "1"]
[SourceVersionDate "2011.11.24"]
[SourceQuality "1"]
[WhiteTeam "Karlovy Vary"]
[BlackTeam "Novoborsky III"]
[WhiteTeamCountry "CZE"]
[BlackTeamCountry "CZE"]

1. e4 c5 2. a3 e6 3. b4 cxb4 4. axb4 Bxb4 5. c3 Be7 6. d4 d6 7. f4 Nf6 8. Bd3 0-0 9. Nf3 Nc6 10. 0-0 b6 11. Ng5 e5 12. d5 Na5 13. f5 Nb7 14. Nf3 Nc5 15. Re1 a5 16. Ba3 Qc7 17. h3 Ba6 18. Bxa6 Rxa6 19. Qc2 b5 20. Nbd2 Rb8 21. Kh2 b4 22. cxb4 axb4 23. Bb2 Rba8 24. Rxa6 Rxa6 25. Ra1 Rxa1 26. Bxa1 h6 27. Qc4 Qb6 28. Ne1 Nfd7 29. Nc2 Bg5 30. Nf3 b3 31. Nb4 Qa5 32. Bc3 Qa3 33. Nxg5 hxg5 34. Qe2 Nf6 35. Nc6 Qc1 36. Bb2 Qf4+ 37. g3 Qxe4 38. Qxe4 Nfxe4 39. Na5 Nd3 40. Bxe5 Nxe5 41. Nxb3 Nc3 42. Nd4 Nxd5 43. g4 Nc7 44. Kg3 Kf8 45. h4 gxh4+ 46. Kxh4 d5 47. g5 g6 48. Kg3 Ke7 49. fxg6 fxg6 50. Ne2 Ne6 51. Kh4 d4 52. Kg3 Kd6 53. Kf2 Kd5 0-1

[Event "Oberliga Ost-A 0809"]
[Site "Germany"]
[Date "2009.03.01"]
[Round "8.3"]
[White "Volfl, Zdenek"]
[Black "Rothe, Guido"]
[Result "1-0"]
[WhiteElo "2244"]
[BlackElo "2225"]
[PlyCount "131"]
[EventDate "2008.10.12"]
[EventType "team-tourn"]
[EventRounds "11"]
[EventCountry "GER"]
[SourceTitle "EXT 2010"]
[Source "ChessBase"]
[SourceDate "2010.11.25"]
[SourceVersion "1"]
[SourceVersionDate "2010.11.25"]
[SourceQuality "1"]
[WhiteTeam "Ebersbach"]
[BlackTeam "Magdeburg Aufbau Elbe"]
[WhiteTeamCountry "GER"]
[BlackTeamCountry "GER"]

1. Nf3 Nf6 2. c4 g6 3. Nc3 Bg7 4. g3 0-0 5. Bg2 d6 6. d4 Nbd7 7. 0-0 c6 8. h3 e5 9. e4 a5 10. Be3 a4 11. Qc2 Qa5 12. d5 cxd5 13. cxd5 b5 14. a3 Bb7 15. Nd2 Rfc8 16. Rfb1 Rc7 17. Qd1 Nc5 18. Na2 Nfd7 19. Rc1 Rac8 20. Rc3 Na6 21. Rxc7 Rxc7 22. Rc1 Ndc5 23. Bf1 f5 24. Nc3 fxe4 25. Nxb5 Rd7 26. Nc3 Nd3 27. Nc4 Qd8 28. Rb1 Nac5 29. Nxa4 Bxd5 30. Nxc5 dxc5 31. Qc2 Be6 32. Nd2 Qa8 33. Bg2 Bd5 34. Bxc5 Qc6 35. b4 Bh6 36. Rd1 Nxf2 37. Re1 e3 38. Bxd5+ Qxd5 39. Rxe3 Bxe3 40. Bxe3 Nxh3+ 41. Kh2 Nf2 42. Kg1 Ng4 43. Qc8+ Kg7 44. Bc5 Qf7 45. Bf8+ Kh8 46. Bh6+ Qg8 47. Qxd7 Nxh6 48. Ne4 Qc4 49. Qe8+ Kg7 50. Qxe5+ Kf8 51. Qd6+ Kg7 52. Qe5+ Kf8 53. Qc5+ Qxc5+ 54. Nxc5 Nf5 55. Ne4 Ke7 56. Kf2 Nd4 57. a4 Ke6 58. Ng5+ Kd5 59. Nxh7 Kc4 60. b5 Kb4 61. Nf6 Kxa4 62. b6 Nc6 63. Nd7 Nd8 64. Nc5+ Kb5 65. b7 Nc6 66. Nd7 1-0

[Event "CZE-chT1W 0809"]
[Site "Czech Republic"]
[Date "2009.02.15"]
[Round "8.6"]
[White "Volfl, Zdenek"]
[Black "Londyn, Radek"]
[Result "0-1"]
[WhiteElo "2244"]
[BlackElo "2293"]
[PlyCount "160"]
[EventDate "2008.10.19"]
[EventType "team-tourn"]
[EventRounds "11"]
[EventCountry "CZE"]
[SourceTitle "EXT 2010"]
[Source "ChessBase"]
[SourceDate "2010.11.25"]
[SourceVersion "1"]
[SourceVersionDate "2010.11.25"]
[SourceQuality "1"]
[WhiteTeam "Novoborsky II"]
[BlackTeam "Lysa nad Labem"]
[WhiteTeamCountry "CZE"]
[BlackTeamCountry "CZE"]

1. Nf3 Nf6 2. c4 e6 3. g3 b6 4. Bg2 Bb7 5. 0-0 c5 6. Nc3 Be7 7. d4 cxd4 8. Nxd4 Bxg2 9. Kxg2 0-0 10. Bf4 Qc8 11. Qd3 Na6 12. e4 Qb7 13. f3 Rfd8 14. Rac1 d6 15. Be3 Rac8 16. Rfd1 Nc5 17. Qe2 a6 18. b3 Bf8 19. Bg5 Ncd7 20. h3 Re8 21. Kh2 h6 22. Bxf6 Nxf6 23. Qf1 Rc7 24. Qd3 Rec8 25. Nce2 Nd7 26. Qe3 Rc5 27. Nc3 Re8 28. f4 Rcc8 29. Nf3 b5 30. cxb5 axb5 31. a4 b4 32. Nb5 Nf6 33. e5 Nd5 34. Qe4 Qb6 35. Qd4 Qxd4 36. Nfxd4 dxe5 37. fxe5 Nc3 38. Rd3 Red8 39. Rd2 Rc5 40. Re1 Nxb5 41. axb5 Rxb5 42. Ree2 Rc5 43. Nf3 Rxd2 44. Nxd2 Rc3 45. Kg2 h5 46. Kf2 Bc5+ 47. Kg2 Be7 48. Kf2 g5 49. Kg2 Kg7 50. g4 h4 51. Re4 Rg3+ 52. Kh2 Rd3 53. Re2 Kg6 54. Kg2 Rg3+ 55. Kh2 Rc3 56. Kg2 Rd3 57. Kh2 Bd8 58. Kg2 Bc7 59. Nf3 Rxb3 60. Re4 Rb2+ 61. Kh1 Rf2 62. Re3 Rxf3 63. Rxf3 Bxe5 64. Rd3 f5 65. gxf5+ exf5 66. Rd5 Kf6 67. Rb5 Bc3 68. Kg2 g4 69. Kh2 Ke6 70. Kg2 Bd2 71. Kh2 g3+ 72. Kg2 f4 73. Rh5 Bc3 74. Rxh4 Ke5 75. Kf3 b3 76. Rh7 b2 77. Rb7 Kd4 78. Rd7+ Kc4 79. Rd1 Bd2 80. Rb1 Kc3 0-1

[Event "Oberliga Ost-A 0809"]
[Site "Germany"]
[Date "2009.01.31"]
[Round "6.2"]
[White "Volfl, Zdenek"]
[Black "Neukirch, Detlef"]
[Result "1/2-1/2"]
[WhiteElo "2244"]
[BlackElo "2276"]
[PlyCount "34"]
[EventDate "2008.10.12"]
[EventType "team-tourn"]
[EventRounds "11"]
[EventCountry "GER"]
[SourceTitle "EXT 2010"]
[Source "ChessBase"]
[SourceDate "2010.11.25"]
[SourceVersion "1"]
[SourceVersionDate "2010.11.25"]
[SourceQuality "1"]
[WhiteTeam "Ebersbach"]
[BlackTeam "Halle USV"]
[WhiteTeamCountry "GER"]
[BlackTeamCountry "GER"]

1. Nf3 Nf6 2. c4 e6 3. g3 d5 4. Bg2 Be7 5. d4 0-0 6. 0-0 c6 7. Qc2 Nbd7 8. Nbd2 b6 9. e4 Bb7 10. b3 Rc8 11. Bb2 c5 12. exd5 exd5 13. Rac1 dxc4 14. Nxc4 b5 15. Ncd2 cxd4 16. Qb1 Nc5 17. Bxd4 Nfe4 1/2-1/2

[Event "Oberliga Ost-A 0809"]
[Site "Germany"]
[Date "2009.01.18"]
[Round "5.4"]
[White "Bollmann, Henrik"]
[Black "Volfl, Zdenek"]
[Result "0-1"]
[WhiteElo "2140"]
[BlackElo "2244"]
[PlyCount "94"]
[EventDate "2008.10.12"]
[EventType "team-tourn"]
[EventRounds "11"]
[EventCountry "GER"]
[SourceTitle "EXT 2010"]
[Source "ChessBase"]
[SourceDate "2010.11.25"]
[SourceVersion "1"]
[SourceVersionDate "2010.11.25"]
[SourceQuality "1"]
[WhiteTeam "Sangerhausen"]
[BlackTeam "Ebersbach"]
[WhiteTeamCountry "GER"]
[BlackTeamCountry "GER"]

1. Nf3 Nf6 2. c4 e6 3. Nc3 d5 4. d4 Be7 5. cxd5 exd5 6. Bg5 c6 7. Qc2 0-0 8. e3 h6 9. Bh4 Ne4 10. Bxe7 Qxe7 11. Bd3 Bf5 12. 0-0 Nd7 13. Rab1 Rfe8 14. b4 Nb6 15. Bxe4 Bxe4 16. Nxe4 dxe4 17. Ne5 f6 18. Nc4 Nd5 19. Qb3 Kh8 20. Rfc1 Rac8 21. b5 b6 22. Nd2 Qd7 23. bxc6 Rxc6 24. Rxc6 Qxc6 25. Qb5 Qxb5 26. Rxb5 Nc3 27. Rb3 Rc8 28. g4 Kg8 29. a3 Kf7 30. Kg2 Ke6 31. Kg3 Kd5 32. f3 exf3 33. Kxf3 b5 34. Rb4 a6 35. e4+ Ke6 36. Rb3 g6 37. Ke3 f5 38. d5+ Kf6 39. exf5 Nxd5+ 40. Kd4 Rd8 41. Ne4+ Kg7 42. Ke5 Nb6 43. f6+ Kf8 44. Rh3 Nc4+ 45. Ke6 Rd4 46. Rxh6 Rxe4+ 47. Kd5 Rxg4 0-1

[Event "CZE-chT2b 0506"]
[Site "Czech Republic"]
[Date "2006.01.15"]
[Round "6"]
[White "Gutman, Petr"]
[Black "Volfl, Zdenek"]
[Result "1-0"]
[WhiteElo "2120"]
[BlackElo "2280"]
[PlyCount "65"]
[EventDate "2005.10.16"]
[EventType "team"]
[EventRounds "11"]
[EventCountry "CZE"]
[SourceTitle "EXT 2009"]
[Source "ChessBase"]
[SourceDate "2008.11.26"]
[SourceVersion "1"]
[SourceVersionDate "2008.11.26"]
[SourceQuality "1"]

1. c4 Nf6 2. Nc3 c5 3. e4 Nc6 4. g3 d6 5. Bg2 g6 6. Nge2 Bg7 7. 0-0 0-0 8. h3 Nd4 9. f4 e5 10. d3 Nh5 11. f5 Nxe2+ 12. Nxe2 Nf6 13. g4 Ne8 14. Be3 Nc7 15. Qd2 Rb8 16. Ng3 Bd7 17. g5 f6 18. h4 Qe7 19. Bh3 gxf5 20. Nxf5 Bxf5 21. Bxf5 Ne6 22. g6 hxg6 23. Bxg6 Nf4 24. Bxf4 exf4 25. Qxf4 Qe5 26. Qg4 Qd4+ 27. Kh1 Qxd3 28. Bf5 Qe3 29. Rf3 Qh6 30. Be6+ Kh8 31. Rf5 Qe3 32. Rh5+ Bh6 33. Rg1 1-0

[Event "CZE-chT2b 0506"]
[Site "Czech Republic"]
[Date "2005.12.04"]
[Round "4"]
[White "Volfl, Zdenek"]
[Black "Hrbolka, Ladislav"]
[Result "1/2-1/2"]
[WhiteElo "2280"]
[BlackElo "2164"]
[PlyCount "36"]
[EventDate "2005.10.16"]
[EventType "team"]
[EventRounds "11"]
[EventCountry "CZE"]
[SourceTitle "EXT 2009"]
[Source "ChessBase"]
[SourceDate "2008.11.26"]
[SourceVersion "1"]
[SourceVersionDate "2008.11.26"]
[SourceQuality "1"]

1. Nf3 Nf6 2. c4 g6 3. Nc3 Bg7 4. e4 d6 5. d4 0-0 6. g3 c6 7. Bg2 Nbd7 8. 0-0 e5 9. h3 Qc7 10. Be3 Re8 11. Qc2 b6 12. Rfd1 Bb7 13. dxe5 Nxe5 14. Nxe5 dxe5 15. c5 b5 16. Rd6 Red8 17. Rad1 Ne8 18. Rxd8 Rxd8 1/2-1/2

[Event "CZE-chT2b 0506"]
[Site "Czech Republic"]
[Date "2005.10.16"]
[Round "1"]
[White "Hadraba, Vladimir"]
[Black "Volfl, Zdenek"]
[Result "1-0"]
[WhiteElo "2155"]
[BlackElo "2280"]
[PlyCount "83"]
[EventDate "2005.10.16"]
[EventType "team"]
[EventRounds "11"]
[EventCountry "CZE"]
[SourceTitle "EXT 2009"]
[Source "ChessBase"]
[SourceDate "2008.11.26"]
[SourceVersion "1"]
[SourceVersionDate "2008.11.26"]
[SourceQuality "1"]

1. e4 c5 2. Nf3 e6 3. Nc3 a6 4. d4 cxd4 5. Nxd4 Qc7 6. Bd3 Nf6 7. 0-0 Nc6 8. Nxc6 bxc6 9. Qe2 e5 10. Na4 Be7 11. c4 0-0 12. c5 d5 13. cxd6 Bxd6 14. Be3 Qa5 15. Qc2 Be6 16. b3 Qb4 17. Rac1 Ng4 18. Bd2 Qa3 19. h3 Nf6 20. Qb1 c5 21. Bc4 Bd7 22. Nb6 Rab8 23. Bxf7+ Rxf7 24. Nc4 Qxc1 25. Rxc1 Bc7 26. Be3 Nh5 27. Rd1 Be6 28. Qc2 Nf4 29. Nd6 Rd7 30. Nf5 Rxd1+ 31. Qxd1 Rd8 32. Qg4 g6 33. Bxf4 exf4 34. Nh6+ Kg7 35. Qxe6 Kxh6 36. Kf1 Rd1+ 37. Ke2 Ra1 38. Kf3 Rxa2 39. Qe7 Ba5 40. Kg4 Bc3 41. Qf8+ Bg7 42. Qxf4+ 1-0

[Event "CZE-chT2 0304"]
[Site "Czech Republic"]
[Date "2003.??.??"]
[Round "?"]
[White "Volfl, Zdenek"]
[Black "Burda, Roman"]
[Result "1-0"]
[WhiteElo "2270"]
[BlackElo "2180"]
[PlyCount "45"]
[EventDate "2003.10.??"]
[EventType "team"]
[EventRounds "11"]
[EventCountry "CZE"]
[SourceTitle "EXT 2007"]
[Source "ChessBase"]
[SourceDate "2006.11.23"]
[SourceVersion "1"]
[SourceVersionDate "2006.11.23"]
[SourceQuality "1"]

1. Nf3 d5 2. d4 c5 3. c4 e6 4. cxd5 exd5 5. Nc3 Nc6 6. g3 cxd4 7. Nxd4 Bb4 8. Bg2 Qa5 9. 0-0 Bxc3 10. bxc3 Qxc3 11. Nb5 Qa5 12. Qxd5 Be6 13. Qc5 Nge7 14. Nd6+ Kd7 15. Qxa5 Nxa5 16. Rd1 Kc7 17. Bf4 Ng6 18. Rac1+ Nc6 19. Nxb7+ Nxf4 20. Rxc6+ Kb8 21. gxf4 Bxa2 22. Rd2 Be6 23. Na5 1-0